Copper shaft-hole axes and early metallurgy in south-eastern Europe : an integrated approach /

Although the copper axes with central shaft-hole from south-eastern Europe have a long history of research, they have not been studied on a transnational basis since the 1960s. What has also been missing, is trying to use as many methods as possible to better understand their production, use and con...

وصف كامل

محفوظ في:

المؤلف الرئيسي: Heeb, Julia (مؤلف)

التنسيق: كتاب الكتروني

اللغة: English

منشور في: Oxford : Archaeopress, [2014]

سلاسل: Archaeopress archaeology.

الموضوعات:

الوصول للمادة أونلاين: Login to view Source

الوسوم: إضافة وسم

لا توجد وسوم, كن أول من يضع وسما على هذه التسجيلة!

رقم الطلب: GN778.22.E852 H44 2014

LEADER 02314nam a2200409 i 4500
001 EDZ0001356324
003 StDuBDS
005 20230412183307.0
006 m|||||o||d||||||||
007 cr |||||||||||
008 160316t20142014enka fob 000|0|eng|d
020 |a 9781905739905 (PDF ebook) :  |c £32.00 
040 |a StDuBDS  |b eng  |c StDuBDS  |e rda  |e pn 
050 0 |a GN778.22.E852  |b H44 2014 
082 0 4 |a 939.8  |2 23 
100 1 |a Heeb, Julia,  |e author. 
245 1 0 |a Copper shaft-hole axes and early metallurgy in south-eastern Europe :  |b an integrated approach /  |c Julia Heeb. 
264 1 |a Oxford :  |b Archaeopress,  |c [2014] 
264 4 |c ©2014 
300 |a 1 online resource :  |b illustrations (black and white, and colour). 
336 |a text  |2 rdacontent 
336 |a still image  |2 rdacontent 
337 |a computer  |2 rdamedia 
338 |a online resource  |2 rdacarrier 
490 1 |a Archaeopress archaeology 
504 |a Includes bibliographical references. 
520 8 |a Although the copper axes with central shaft-hole from south-eastern Europe have a long history of research, they have not been studied on a transnational basis since the 1960s. What has also been missing, is trying to use as many methods as possible to better understand their production, use and context. A database was compiled to find answers to questions regarding patterns of distribution, context, fragmentation and deformation. Aspects of production were considered through experimental archaeology, metallographic analysis and a re-discovered axe blank with missing shaft-hole. The typology was re-evaluated and modified to ensure comparability across modern national boundaries. The integration of these approaches yielded some interesting results. 
521 |a Specialized. 
588 |a Description based on online resource; title from home page (viewed on March 16, 2016). 
650 0 |a Axes, Prehistoric  |z Europe, Eastern. 
650 0 |a Copper age  |z Europe, Eastern. 
776 0 8 |i Print version :  |z 9781905739837 
830 0 |a Archaeopress archaeology. 
856 4 0 |3 Archaeopress  |u http://library.arce.org:8087/Archaeopress/Products/9781905739837 
942 |2 lcc  |c EBOOK 
952 |0 0  |1 0  |4 0  |6 GN077822 E852  |7 1  |9 46926  |a ARCH  |b ARCH  |d 2023-04-12  |l 0  |o GN778.22.E852  |r 2023-04-12 00:00:00  |w 2023-04-12  |y EBOOK 
999 |c 52584  |d 52584